000 00937nam a2200181 4500
005 20260409114103.0
008 260406b |||||||| |||| 00| 0 eng d
020 _a9780691133003
037 _cTextual
040 _aRTL
_cRTL
084 _qRTL
_aX9(Q6:35) R4
100 _aSeabright, Paul
_91234156
245 _aThe divine economy: how religions compete for wealth, power, and people
260 _aNew Jersey
_bPrinceton University Press
_c2024
300 _axi, 485 p.
_bIncludes bibliographical reference and index
520 _aReligion in the twenty-first century is alive and well across the world, despite its apparent decline in North America and parts of Europe. Vigorous competition between and within religious movements has led to their accumulating great power and wealth. Religions in many traditions have honed their competitive strategies over thousands of years.
942 _2CC
_n1
_cTEXL
_hX9(6:35) R4
999 _c1847998
_d1847998